Hodnotenie a výber dodávateľov diplomová práca

Salvato in:
Dettagli Bibliografici
Autore principale: Koraiová, Zuzana
Ente Autore: Obchodná fakulta EU. Katedra marketingu
Altri autori: Konštiak, Pavol
Natura: Libro
Lingua:slovacco
Pubblicazione: Bratislava 2011
Tags: Aggiungi Tag
Nessun Tag, puoi essere il primo ad aggiungerne!!

MARC

LEADER 00000nbm a2200000 4500
001 0140318
005 20161109101926.1
041 0 |a slo 
044 |a SK 
245 1 0 |a Hodnotenie a výber dodávateľov  |b diplomová práca  |c Zuzana Koraiová ; školiteľ: Pavol Konštiak 
264 1 |a Bratislava  |c 2011 
300 |a 66 s. 
100 1 |a Koraiová, Zuzana 
700 1 |a Konštiak, Pavol 
710 2 |a Obchodná fakulta EU. Katedra marketingu